Municipal and rural sanitation (Record no. 12109)

000 -LEADER
fixed length control field 00625nam a22002171 4500
001 - CONTROL NUMBER
control field 12109
003 - CONTROL NUMBER IDENTIFIER
control field BD-DhUET
008 - FIXED-LENGTH DATA ELEMENTS--GENERAL INFORMATION
fixed length control field 720914s1965 nyua b 000 0 eng
040 ## - CATALOGING SOURCE
Original cataloging agency DLC
Transcribing agency DLC
Modifying agency BD-DhUET
082 ## - DEWEY DECIMAL CLASSIFICATION NUMBER
Classification number 628
Item number EHL/1965
100 ## - MAIN ENTRY--PERSONAL NAME
Personal name Ehlers, Victor M.
245 10 - TITLE STATEMENT
Title Municipal and rural sanitation
250 ## - EDITION STATEMENT
Edition statement 6th ed.
260 ## - PUBLICATION, DISTRIBUTION, ETC. (IMPRINT)
Place of publication, distribution, etc. New Delhi
Name of publisher, distributor, etc. Tata McGraw-Hill
Date of publication, distribution, etc. 1965
300 ## - PHYSICAL DESCRIPTION
Extent xiv, 663 p.
Other physical details ill.
Dimensions 24 cm.
490 0# - SERIES STATEMENT
Series statement McGraw-Hill series in sanitary science and water resources engineering
504 ## - BIBLIOGRAPHY, ETC. NOTE
Bibliography, etc Includes bibliographies
650 #0 - SUBJECT ADDED ENTRY--TOPICAL TERM
Topical term or geographic name as entry element Sanitary engineering
700 ## - ADDED ENTRY--PERSONAL NAME
Personal name Steel, Ernest W.
942 ## - ADDED ENTRY ELEMENTS (KOHA)
Koha item type General Book
Holdings
Withdrawn status Damaged status Lost status Price effective from Source of classification or shelving scheme Sublocation or collection (holding branch) Koha date last seen Date acquired Shelving location Not for loan Copy number Piece designation (barcode) Location (home branch) Koha item type Koha full call number Koha normalized classification for sorting
   2015-02-23 Central Library, BUET2015-02-232015-02-23Circulation section 154823Central Library, BUETGeneral Book628/EHL/1965628_000000000000000_EHL_1965
   2015-05-06 Central Library, BUET2015-05-062015-05-06Circulation section 257340Central Library, BUETGeneral Book628/EHL/1965628_000000000000000_EHL_1965
   2015-05-06 Central Library, BUET2015-05-062015-05-06Circulation section 357341Central Library, BUETGeneral Book628/EHL/1965628_000000000000000_EHL_1965
   2015-05-07 Central Library, BUET2015-05-072015-05-07Circulation section 442726Central Library, BUETGeneral Book628/EHL/1958628_000000000000000_EHL_1958
   2015-05-07 Central Library, BUET2015-05-072015-05-07Circulation section 519515Central Library, BUETGeneral Book628/EHL/1965628_000000000000000_EHL_1965
   2015-05-07 Central Library, BUET2015-05-072015-05-07Circulation section 620785Central Library, BUETGeneral Book628/EHL/1965628_000000000000000_EHL_1965
   2015-05-07 Central Library, BUET2015-05-072015-05-07Circulation section 719514Central Library, BUETGeneral Book628/EHL/1965628_000000000000000_EHL_1965
   2015-05-07 Central Library, BUET2015-05-072015-05-07Circulation section 825851Central Library, BUETGeneral Book628/EHL/1965628_000000000000000_EHL_1965
   2015-05-07 Central Library, BUET2015-05-072015-05-07Circulation section 920784Central Library, BUETGeneral Book628/EHL/1965628_000000000000000_EHL_1965